Countries With The Highest Unemployed Rate - Statistics

General Stats
  • This quiz has been taken 56 times
  • The average score is 8 of 24
Answer Stats
Percentage Country % Correct
32.10 South Africa
67%
19.9 Somalia
65%
19.8 Sudan
59%
24.39 Eswatini
53%
18 Lesotho
51%
21.70 Namibia
47%
16.1 Tunisia
45%
20.68 Botswana
43%
19.6 Libya
43%
22.3 Gabon
39%
27.93 Djibouti
37%
22.8 Jordan
35%
16.5 Rwanda
35%
18 Nauru
29%
16.4 Guyana
27%
15.9 São Tomé and Príncipe
24%
16.6 Grenada
22%
20.15 Saint Lucia
22%
16.2 Federated States of Micronesia
20%
19 Kosovo
20%
18.8 Saint Vincent and the Grenadines
20%
20.4 Georgia
18%
19.9 Montenegro
14%
22 Costa Rica
12%
No matching quizzes found
Score Distribution
Percent of People with Each Score
Percentile by Number Answered
Your Score History
You have not taken this quiz